Responses for Show #5568 - Wednesday, November 19, 2008

2008-B Teen Tournament semifinal game 3.

Contestants

[<< previous game]

Sarah Marx, a junior from Chevy Chase, Maryland

Anurag Kashyap, a senior from Poway, California

Karan Takhar, a senior from North Attleborough, Massachusetts

[next game >>]

Jeopardy! Round responses

A-HAUNTING WE WILL GO
TEEN CHOICE AWARDS 2008
LET'S HAVE ORDER
(Alex: We want you to put things in their chronological order for us.)
AMERICAN NOVELISTS
PIONEER LIFE
RHYME SQUAD
(Alex: Each correct response will rhyme with the word "squad".)
    $200 1
Gettysburg

Anurag
    $200 14
(Karan: Who is America Ferrera?)

Miley Cyrus

Karan
Triple Stumper
    $200 6
floppy disk, Windows and Powerbook

Anurag
    $200 7
Hawthorne

Sarah
    $200 22
Webster

Anurag
    $200 16
a rod

Sarah
    $400 2
Custer

Karan
    $400 27
Keira Knightley

Anurag
    $400 9
the Cape of Good Hope, Florida and the Bering Strait

Anurag
    $400 8
(Stephen) King

Karan
    $400 23
(Karan: What is cow?)
(Sarah: What is horse?)
...
(Alex: Natty Bumppo was known as "Deerslayer", so it's [*].)

deerskin

KaranSarah
Triple Stumper
    $400 17
a bod

Sarah
    $600 3
the Alamo

Karan
    $600 28
(Anurag: What is Grey's Anatomy?)

One Tree Hill

Anurag
Triple Stumper
    $600 11
Brown, Purdue, San Diego State

Sarah
    $600 10
(John) Steinbeck

Karan
    $600 24
a log cabin

Karan
    $600 18
sod

Sarah
    $800 4
the Queen Mary

Triple Stumper
    $800 29
(Sarah: Who is Sanjaya Malakar?)

David Archuleta

AnuragSarah
    $600 15
Polk, Fillmore, Arthur

Sarah
    $800 12
Pearl Buck

Sarah
    $800 25
circle the wagons

Sarah
    $800 19
plod

Sarah
    $1000 5
Brigham Young

Karan
    $1000 30
(Karan: Who is Tony Hawk?)

Ryan Sheckler

Karan
Triple Stumper
    $1000 21
Cambrian, Triassic, Cretaceous

Anurag
    $1000 13
Sinclair Lewis

Sarah
    $1000 26
fever

Sarah
    $1000 20
Nod

Anurag

Scores at the first commercial break (after clue 15):

Karan Anurag Sarah
$2,800 $800 $3,200

Scores at the end of the Jeopardy! Round:

Karan Anurag Sarah
$2,000 $3,600 $5,800

Double Jeopardy! Round responses

THE REAL WORLD
T-R-L
(Alex: Those three letters will come up in each correct response in that order. There might be other letters in between.)
THE HILLS
MADE
A SHOT AT LOVE
"M" TV
    $400 1
Magellan

Anurag
    $400 4
terminal

Triple Stumper
    $400 17
Beverly Hills

Sarah
    $400 16
flags

Karan
    $400 26
Elizabeth I

Sarah
    $400 5
Miami

Karan
    $800 2
Newton

Karan
    $800 12
treadmills

Sarah
    $1,200 19
the Battle of Bunker Hill

Sarah
    $800 18
hay (or straw)

Sarah
    $800 27
Annie Oakley

Anurag
    $800 8
Mad

Sarah
    $1200 3
Mendel

Sarah
    $2,200 13
(Sarah: No idea.)

temporal

Sarah
    $1200 20
England

Karan
    $1200 23
the cork

Triple Stumper
    $1200 28
the Taj Mahal

Karan
    $1200 9
The Mole

Anurag
    $1600 6
[NOTE: It is impossible to tell if the two objects actually hit the ground simultaneously, as they are both off-camera when it happens--but the shoe has a good head start on the paper in the several frames before!]

Galileo

Karan
    $1600 14
a trowel

Sarah
    $1600 21
Nebraska

Karan
    $1600 24
vulcanization

Karan
    $1600 29
(Sarah: Who is Curie?)
(Alex: Be more specific.)
(Sarah: Who is Alfred Curie?)

Pierre Curie

AnuragSarah
    $1600 10
Medium

Sarah
    $2000 7
Einstein

Anurag
    $2000 15
a tendril

Anurag
    $2000 22
uranium

Karan
    $2000 25
titanium

Triple Stumper
    $2000 30
John Alden

Sarah
    $2000 11
Jay Manuel

Triple Stumper

Scores at the end of the Double Jeopardy! Round:

Karan Anurag Sarah
$12,800 $11,600 $12,800

[wagering suggestions for these scores]

Final Jeopardy! Round responses

NONFICTION WRITERS
[Sarah's response was revealed before Karan's.]
(Alex: [To Karan] And while you were writing that down, our researchers were going through all of their research materials. And we could find no instance of the young lady being called "Annie", not Anne, which was her name. So it is going to be bad news for you. You're going to lose everything you had. And, Anurag, you are a finalist. Congratulations. $23,200, your total for today. Well done. Now let us meet your two opponents who get to play again tomorrow.)
(Audrey: Audrey Hosford--Annapolis, Maryland.)
(Bradley: Bradley Silverman--Alpharetta, Georgia.)
AnuragWho is Anne Frank?
$11,600
SarahWho is Anne Frank?
$9,500
KaranWho is Annie Frank?
$12,800
Anne Frank

Final scores:

Karan Anurag Sarah
$0 $23,200 $22,300
3rd place: $10,000 Finalist 2nd place: $10,000

Game dynamics:

Coryat scores:

Karan Anurag Sarah
$12,800 $11,600 $14,800
15 R,
3 W
14 R,
1 W
21 R
(including 2 DDs),
4 W
(including 1 DD)

Combined Coryat: $39,200

[game clues] [game scores] [suggest correction]

Game tape date: 2008-10-07
The J! Archive is created by fans, for fans. Scraping, republication, monetization, and malicious use prohibited; this site may use cookies and collect identifying information. See terms. The Jeopardy! game show and all elements thereof, including but not limited to copyright and trademark thereto, are the property of Jeopardy Productions, Inc. and are protected under law. This website is not affiliated with, sponsored by, or operated by Jeopardy Productions, Inc. Join the discussion at JBoard.tv.